Paroles Mes amis de l'au-delà - La Princesse et la Grenouille - Statistiques

Statistiques générales
  • Ce quiz a été pris 10 fois
  • Le résultat moyen est 330 sur 383
Statistiques - réponses
Paroles % Correct
à
100%
amis
100%
amis.
100%
amis,
100%
cartes,
100%
cartes
100%
de
100%
Et
100%
et
100%
été
100%
Êtes-vous
100%
Je
100%
je
100%
la
100%
l'au-delà
100%
Le
100%
le
100%
les
100%
Dr Facilier Les
100%
ma
100%
mais
100%
Mais
100%
me
100%
mes
100%
moi
100%
moi,
100%
moi.
100%
Dr Facilier Ne
100%
ne
100%
n'est
100%
par
100%
pas
100%
pas.
100%
prêts ?
100%
que
100%
Que
100%
Esprits Ses
100%
tout
100%
Transformation
100%
Un
100%
une
100%
Une
100%
viennent
100%
vois
100%
vous
100%
Vous
100%
au
88%
avec
88%
avenir
88%
avenir.
88%
avez
88%
beau
88%
billets
88%
cas
88%
Ce
88%
ce
88%
change,
88%
change
88%
cher.
88%
confiance.
88%
conscience,
88%
du
88%
en
88%
erreur
88%
es
88%
exploité.
88%
Exploité
88%
fait
88%
fait,
88%
fauché,
88%
femme
88%
fois
88%
futur
88%
grâce
88%
Grâce
88%
j'ai
88%
J'ai
88%
J'espère
88%
Lawrence ?
88%
main
88%
manque
88%
mère.
88%
mère,
88%
mon
88%
Mon
88%
monumentale.
88%
n'est-ce
88%
Oui !
88%
passé,
88%
pauvre
88%
plus
88%
pour
88%
Pour
88%
présent,
88%
respect,
88%
rêvé
88%
sans
88%
sens ?
88%
sera
88%
serait
88%
si
88%
sœur,
88%
ta
88%
Ta
88%
t'as
88%
Esprits T'as
88%
te
88%
Toi
88%
toi,
88%
toi ?
88%
ton
88%
totale
88%
totale,
88%
tu
88%
Tu
88%
vert,
88%
vert.
88%
viens
88%
votre
88%
"abracadabra" !
75%
Accuse
75%
aimeras.
75%
as
75%
Asseyez
75%
blindé.
75%
bras,
75%
cabaret,
75%
chance.
75%
chers
75%
contraire,
75%
corde
75%
côté
75%
cou,
75%
coupé
75%
dans
75%
Dans
75%
découvrir
75%
des
75%
devenir.
75%
d'un
75%
Est-ce
75%
étais
75%
être
75%
explorer
75%
Faites
75%
faudrait
75%
Faut
75%
faut
75%
fous.
75%
frère.
75%
goût.
75%
hein
75%
il
75%
jour
75%
là-bas,
75%
l'avenir,
75%
l'homme
75%
longue
75%
m'accuse
75%
marié,
75%
même
75%
modifier
75%
n'y
75%
papa
75%
Papa,
75%
pécheur.
75%
petit
75%
petit,
75%
petite
75%
peut
75%
peux
75%
plongeant
75%
plutôt
75%
poupée
75%
prenez
75%
quels.
75%
révèlent,
75%
rêves
75%
rien.
75%
royal
75%
royaume
75%
royauté,
75%
sang
75%
Serrez
75%
seulement
75%
soit
75%
tels
75%
tend
75%
toujours
75%
traversée,
75%
trois
75%
trois,
75%
Venez
75%
ville
75%
ville,
75%
vite
75%
vivres,
75%
vos
75%
bague
63%
bilan
63%
comme
63%
Détendez
63%
doigt
63%
eu
63%
glisser
63%
grand
63%
l'air,
63%
l'écho,
63%
libre
63%
libre,
63%
lire
63%
Louisiane,
63%
numéro
63%
passer
63%
playboy ?
63%
Serrez-moi
63%
t'exploiterait.
63%
tradition
63%
transfiguration
63%
vaudou,
63%
verts !
63%
veux
63%
voulais
63%
mènes
50%
mettes
50%
Dr Facilier | Esprits Rénovation
50%
simple
50%
train
50%
bagou,
38%
Bondir
38%
Dr Facilier Chut...
38%
Hahaha,
38%
lignées
38%
t'avais.
38%
deux
25%
Aucun quiz correspondant
Distribution des résultats
% des personnes avec chaque résultat
Percentile par nombre de réponses
Votre historique - résultats
Vous n’avez pas pris ce quiz